|
|
|
|
| LEADER |
00000nam0a2200000 4500 |
| 001 |
17105 |
| 005 |
20231030190729.0 |
| 010 |
|
|
|a 5239013284
|
| 035 |
|
|
|a (RuTPU)RU\TPU\book\17236
|
| 035 |
|
|
|a BOOK00001924
|
| 090 |
|
|
|a 17105
|
| 100 |
|
|
|a 20011209d1991 m y0rusy50 ca
|
| 101 |
1 |
|
|a rus
|c ger
|
| 102 |
|
|
|a RU
|
| 105 |
|
|
|a y z 000zb
|
| 200 |
1 |
|
|a Последний Гогенцоллерн (Вильгельм II)
|e Сокращенный перевод с нем.
|f Э. Людвиг
|
| 210 |
|
|
|a Москва
|c Московский рабочий
|d 1991
|
| 215 |
|
|
|a 236 с.
|
| 600 |
|
0 |
|a Вильгельм Гогенцоллерен
|d II
|c германский император и прусский король
|f 1859-1941
|2 stltpush
|3 (RuTPU)RU\TPU\pers\12837
|
| 610 |
1 |
|
|a Германия
|
| 610 |
1 |
|
|a монархия в Германии
|
| 610 |
1 |
|
|a 19 век
|
| 610 |
1 |
|
|a 20 век
|
| 686 |
|
|
|a Т3(4Г)
|v LBC/SL-A
|2 rubbk
|
| 700 |
|
1 |
|a Людвиг
|b Э.
|g Эмиль
|
| 801 |
|
0 |
|a RU
|b 63413507
|c 20011209
|g PSBO
|
| 801 |
|
2 |
|a RU
|b 63413507
|c 20091118
|g PSBO
|
| 942 |
|
|
|c BK
|